Protein purification: principles, high resolution methods, and applications
Guardat en:
| Autors principals: | , |
|---|---|
| Format: | Llibre |
| Idioma: | anglès |
| Publicat: |
Nueva York
VCH
1989
|
| Matèries: | |
| Etiquetes: |
Afegir etiqueta
Sense etiquetes, Sigues el primer a etiquetar aquest registre!
|
MARC
| LEADER | 00000cam a2200000 a 4500 | ||
|---|---|---|---|
| 001 | UCZ9486 | ||
| 003 | CL-VaPUC | ||
| 008 | 960308e19890000US |||||||||||||||||eng|d | ||
| 082 | 0 | 4 | |a 547.75 |b JAN |2 21 |
| 100 | |a Janson, Jan-Christer |e author |9 577285 | ||
| 700 | 0 | |a Rydén, Lars |e author |9 354495 | |
| 245 | 1 | 0 | |a Protein purification: principles, high resolution methods, and applications |
| 300 | |a 502 p | ||
| 942 | |c BK | ||
| 945 | |d 19960308 00:00:00 |a rleighto | ||
| 260 | |a Nueva York |b VCH |c 1989 | ||
| 650 | 0 | |a Cromatografía |9 263967 | |
| 650 | 7 | |a PROTEINAS |2 CL-VaPUC |9 354496 | |
| 650 | 7 | |a PURIFICACION |2 CL-VaPUC |9 262791 | |
| 650 | 7 | |a ELECTROFORESIS |2 CL-VaPUC |9 261799 | |
| 583 | |a last modification |c 20160505 01:45:31 |k Rodrigo Vera | ||
| 999 | |c 244788 |d 244786 | ||
| 952 | |0 0 |1 0 |4 0 |6 547_750000000000000_JAN_1989 |7 0 |8 A |9 258978 |a BIBING |b BIBING |d 2019-11-19 |i 3175073 |o 547.75 JAN 1989 |p 3175073 |r 2025-01-20 |w 2019-11-19 |y BK |k EIB | ||
| 952 | |0 0 |1 0 |3 erd |4 0 |6 547_750000000000000_JAN_1989 |7 0 |8 A |9 258979 |a BIBCUR |b BIBCUR |i 5285054 |l 1 |o 547.75 JAN 1989 |p 5285054 |r 2025-04-22 |s 2023-11-16 |w 2019-11-19 |y BK |z Catalogado en:20160505 |k QUI | ||